[Event "Match/Team URS-World 20,5-19,5"]
[Site "Belgrade"]
[Date "1970.04.02"]
[Round "3.3"]
[White "Kortschnoj, Viktor Lvovich"]
[Black "Portisch, Lajos"]
[Result "0-1"]
[WhiteElo "2670"]
[BlackElo "2630"]
[Annotator "Kortchnoi/Portisch"]
[PlyCount "126"]
[EventDate "1970.03.29"]
[EventType "team"]
[EventRounds "4"]
[EventCountry "YUG"]
[SourceTitle "MCL"]
[Source "ChessBase"]
[SourceDate "1999.07.01"]
[SourceVersion "1"]
[SourceVersionDate "1999.07.01"]
[SourceQuality "1"]
[WhiteTeam "Soviet Union"]
[BlackTeam "World"]
[WhiteTeamCountry "URS"]
[TimeControl "40/9000:16/5400:0"]

1. e4 e5 2. Nf3 Nc6 3. Bb5 a6 4. Ba4 Nf6 5. O-O Be7 6. Re1 b5 7. Bb3 d6 8. h3
$6 {Kortschnoj=:K/Portisch=:P} Na5 9. Nc3 (9. c3 Nxb3 10. Qxb3 Bb7 11. d3 O-O
12. Nbd2 Nd7 13. d4 c5 14. dxe5 dxe5 15. c4 Qc7 16. Qc2 Nb8 17. b3 Nc6 18. Bb2
Nd4 19. Nxd4 cxd4 20. a3 Rfc8 21. Qd3 Bg5 22. Rac1 Qa5 23. Re2 Rc7 24. Rc2 Rac8
25. c5 b4 26. Nc4 Qxc5 27. axb4 Qxb4 28. Ba3 Qb5 29. Qf3 Rd8 30. Nd6 Qd7 31.
Rc4 Rxc4 32. bxc4 Bc6 33. Rb2 Bc1 34. Rb6 Bxa3 35. Qxa3 Qc7 36. Qc5 Rxd6 37.
Rxa6 h6 38. Qxe5 d3 {Yanofsky,D-Szabo,L Groningen 1946 0-1}) 9... O-O 10. d3
Re8 $146 (10... c6 11. Ne2 Kh8 12. Ng3 Ng8 13. d4 exd4 14. Nxd4 g6 15. c3 Bb7
16. Bc2 Bf6 17. Nf3 Re8 18. h4 Nc4 19. Ng5 Nh6 20. Nh5 gxh5 21. Qxh5 Bg7 22. e5
f5 23. Nxh7 Re6 24. Nf6 Rxf6 25. exf6 Qxf6 26. Bg5 Qf7 27. Qxf7 Nxf7 28. Re7
Nxg5 29. hxg5 Rb8 30. Rae1 Ne5 31. f4 Bf8 32. Rc7 Ng6 33. Bxf5 Nxf4 34. Re4
Nxg2 35. Rh7+ Kg8 36. g6 Bc8 37. Bxc8 Rxc8 38. Kxg2 a5 39. Rd7 d5 40. Re6 {
Nezhmetdinov,R-Borisenko,G Kiev 1954 1-0}) 11. Bg5 c6 (11... Bb7 $1 12. Bxf6
Bxf6 13. Nd5 {K}) (11... h6 12. Bxf6 Bxf6 13. Nd5 $10 {P}) 12. Ne2 h6 13. Bd2
Nxb3 14. axb3 {[%csl Ra6]} c5 15. Ng3 Bf8 {[%cal Gd6d5]} 16. c4 $1 {P} b4 $2 {
K/ ?? P} (16... Rb8 $1 $10 {P}) 17. Nh2 $1 {P} Nh7 18. Ng4 Ra7 19. f4 (19. Rf1
{[%cal Gf2f4]}) 19... exf4 20. Bxf4 Nf6 (20... Qh4 21. Nf5 $1 {P}) 21. Nh2 Nd7
22. Qd2 Ne5 23. Rf1 Kh7 24. Rf2 g6 25. Raf1 Bg7 26. Kh1 (26. Bxe5 Bxe5 27.
Rxf7+ Rxf7 28. Rxf7+ Kg8 29. Rf3 Qg5 $1 $44 {K/P}) 26... Ree7 27. Be3 $1 {
/\ d4 P} Qh8 28. Rf4 $1 {P} Kg8 29. Rh4 h5 30. Bg5 Reb7 31. Rhf4 Nc6 32. Bf6 $1
Qh6 33. Bxg7 Kxg7 34. Nf3 Kh8 35. h4 (35. Rxf7 Qxd2 36. Rf8+ {K} Kg7 37. Nxd2
Be6 {P}) (35. d4 $1 g5 $2 36. Rh4 {K}) 35... Bg4 36. Ng5 Qg7 37. Rf6 Rd7 38.
Qf2 Kg8 39. Qf4 Ne5 (39... Rac7 $1 40. Rxd6 Qe5 $1 $44 {P} (40... Qe5 41. Rxg6+
$145 $18)) 40. Qd2 Nc6 {adjourned} 41. R1f2 $1 {P} (41. e5 $5 {P} Nxe5 42. d4 {
K} cxd4 43. Qxd4 Rac7 $1 44. N3e4 (44. N5e4 Be6 $13) 44... Bf5 45. c5 Ng4 46.
cxd6 Rc8 $1 $13) 41... Rac7 42. Kg1 a5 43. Nf1 $1 {/\ Ne3-d5 P} Bf5 $6 44.
R6xf5 gxf5 45. exf5 Ne5 46. Ne3 Rc8 (46... f6 47. Ne6 Qg3 48. Nd5 {K}) 47. f6
Qh6 (47... Qg6 48. Rf5 $1 {P}) 48. Nf5 $2 {K/P} (48. Rf5 $18 {P} Re8 49. Ne4
Ng6 50. Rg5 Re5 51. Nf5 $18 {K}) 48... Qg6 49. Ne7+ Rxe7 50. fxe7 Re8 51. Ne4
$2 {K} (51. d4 $142 {K}) 51... Ng4 52. Rf3 Rxe7 53. Qf4 Re6 54. Rf1 Ne5 $1 {
/\ Nd3 K} 55. Nxd6 $2 {P} Nxd3 56. Qxf7+ Qxf7 57. Nxf7 Nxb2 58. Nd8 (58. Ng5
Re3 59. Rf3 (59. Ra1 a4 60. bxa4 Ra3 $1) 59... Rxf3 60. gxf3 a4 61. bxa4 Nxa4
$19 {P} 62. Ne4 b3 63. Nd2 b2 64. Nb1 Nb6 65. Kf2 Nxc4 66. Ke2 Kf7 67. Kd3 Ne5+
68. Kc2 Nxf3 $19 {K}) 58... Rb6 $1 {P} 59. Rf5 Nd3 60. Rd5 Nc1 61. Rxc5 Nxb3
62. Rb5 (62. Rc6 {K}) (62. Rg5+ Kf8 63. c5 Nxc5 $1 64. Rxc5 b3 $18 {P}) (62.
Rc8 Kg7 $19 {P}) 62... Rxb5 63. cxb5 Nc5 (63... Nc5 64. Nc6 b3 65. Ne7+ Kf7 66.
Nd5 a4 $19 {P}) 0-1

[Event "Copenhagen BSF"]
[Site "Copenhagen"]
[Date "1995.??.??"]
[Round "2"]
[White "Emms, John M"]
[Black "Leko, Peter"]
[Result "0-1"]
[WhiteElo "2500"]
[BlackElo "2555"]
[Annotator "Leko,P"]
[PlyCount "84"]
[EventDate "1995.03.??"]
[EventType "tourn"]
[EventRounds "11"]
[EventCountry "DEN"]
[EventCategory "12"]
[SourceTitle "CBM 046"]
[Source "ChessBase"]
[SourceDate "1995.06.01"]
[SourceVersion "1"]
[SourceVersionDate "1995.06.01"]
[SourceQuality "1"]

1. e4 e5 2. Nf3 Nc6 3. Bb5 a6 4. Ba4 Nf6 5. O-O Be7 6. Re1 b5 7. Bb3 d6 8. c3
O-O 9. d3 Na5 10. Bc2 c5 11. Nbd2 Re8 12. Nf1 Bb7 13. a3 (13. Ne3 $5) 13... h6
14. b4 {N} (14. Ne3 $2 {[60/337]}) 14... cxb4 15. cxb4 (15. axb4 $6 Nc6 16. Ne3
d5 17. exd5 Nxd5 18. Nxd5 Qxd5 19. Bb3 Qd6 20. Be3 Rad8 $15) 15... Nc6 16. Bb2
(16. d4 $6 Nxd4 17. Nxd4 exd4 18. Qxd4 Nd7 19. Rb1 Qb6 $15) 16... Bf8 17. Bb3 (
17. d4 exd4 18. Nxd4 Ne5 (18... Nxd4 $5 19. Qxd4 Rc8 20. Bd3 Nd7 $10) 19. Nf5
Nc4 20. Bc3 g6 21. N5g3 Bg7 $13) 17... Rc8 18. Ne3 (18. Nh4 Qb6 19. Ng6 Nd4 $10
) 18... Qd7 19. Rc1 (19. Nd5 Nxd5 20. Bxd5 Ne7 21. Bxb7 Qxb7 22. Qb3 Ng6 $10)
19... a5 20. bxa5 Nxa5 21. Ba2 Rxc1 22. Qxc1 Nc6 23. Qd2 $6 (23. Nh4 Kh7 $13 (
23... Nd8 $5 24. Ng6 Ne6 25. Nxf8 Kxf8 26. Nf5 $36)) 23... Nd8 $1 24. Bc3 Ne6
25. Bb4 Nf4 26. Qd1 $2 (26. g3 $1 Nh3+ $5 (26... Ne6 $10) 27. Kg2 Ng5 28. Nxg5
hxg5 29. Kg1 g4 $13) 26... d5 $1 $17 27. Bxf8 Kxf8 (27... dxe4 $6 28. Bxg7 Kxg7
29. dxe4 Qxd1 30. Rxd1 Bxe4 $15) 28. exd5 (28. g3 dxe4 (28... Nh3+ 29. Kg2 dxe4
30. dxe4 Qxd1 31. Nxd1 Bxe4 32. Rxe4 Nxe4 33. Kxh3 Rd8 $15) 29. dxe4 Qxd1 30.
Nxd1 Nd3 31. Re3 Bxe4 32. Nc3 Bxf3 33. Rxf3 e4 34. Rf5 (34. Nxe4 Ne1) 34... b4
35. axb4 Nxb4 $17) 28... N6xd5 29. Nxd5 (29. Qb3 Nxe3 (29... Kg8 $5) 30. Rxe3
Bxf3 31. Rxf3 Re7 32. Qd1 (32. Re3 Qg4 $17) (32. h3 Ne2+ 33. Kh2 Nd4 $19) 32...
Qc6 33. d4 Rd7 $19) 29... Bxd5 30. Nxe5 (30. Bxd5 Qxd5 31. Re3 e4 32. Ne1 exd3
33. Rxe8+ Kxe8 $17) 30... Rxe5 31. Rxe5 Bxa2 32. Qf3 (32. Qd2 Nxd3 33. Re3 Bc4
$19) 32... g5 $1 (32... Nd5 33. h3 $15 {X Ba2}) 33. Qa8+ Kg7 34. Re8 Qxd3 35.
h3 {*} (35. Rg8+ Kh7 (35... Kf6 36. Qd8+ Qxd8 37. Rxd8 $17) 36. Rh8+ Kg6 37.
Rg8+ (37. Qg8+ Kh5 38. h3 Nxh3+ $1 39. gxh3 Bd5 $19) 37... Kh5 38. Qf3+ Qxf3
39. gxf3 Bc4 $19) 35... Nxh3+ $1 $19 36. gxh3 Bd5 (36... Qd1+ $6 37. Kh2 Bd5
38. Rg8+ Kh7 39. Rh8+ Kg6 40. Qa6+ f6 41. Rxh6+ Kxh6 42. Qxf6+ Kh5 43. Qh8+ Kg6
44. Qe8+ Bf7 45. Qxb5 $17) 37. Rg8+ (37. Qa5 Qxh3 $19) 37... Kh7 38. Rh8+ Kg6
39. Qa6+ (39. Qg8+ Kh5 $19) 39... f6 40. Rxh6+ Kxh6 41. Qxf6+ Kh5 42. Kh2 (42.
Qh8+ Kg6 43. Qe8+ Bf7 44. Qc6+ Kh5 $19) 42... Qe4 {[Leko,P]} 0-1

[Event "URS-ch50 Semifinal"]
[Site "Severodonetsk"]
[Date "1982.06.??"]
[Round "?"]
[White "Kupreichik, Viktor D"]
[Black "Malaniuk, Vladimir P"]
[Result "0-1"]
[WhiteElo "2570"]
[BlackElo "2430"]
[Annotator "Malaniuk,V"]
[PlyCount "84"]
[EventDate "1982.06.??"]
[EventType "tourn"]
[EventRounds "17"]
[EventCountry "URS"]
[EventCategory "7"]
[SourceTitle "EXT 2009"]
[Source "ChessBase"]
[SourceDate "2008.11.26"]
[SourceVersion "1"]
[SourceVersionDate "2008.11.26"]
[SourceQuality "1"]

1. e4 e5 2. Nf3 Nc6 3. Bb5 a6 4. Ba4 Nf6 5. O-O Be7 6. Re1 b5 7. Bb3 O-O 8. a4
Bb7 9. c3 (9. d3 d6 10. Nc3 Na5 11. Ba2 b4 12. Ne2 c5 13. Bd2 Rb8 14. Ng3 Bc8
15. h3 Be6 16. Bxe6 fxe6 17. Be3 Nd7 (17... Nc6 18. c3 bxc3 19. bxc3 d5 20.
exd5 exd5 21. Nf5 {1-0 Kupreichik,V (2535)-Psakhis,L (2535)/Vilnius 1980/
URS-ch (35)}) 18. c3 bxc3 19. bxc3 d5 20. Qc2 Qc7 21. exd5 exd5 22. c4 e4 23.
dxe4 d4 24. Bd2 Rxf3 $5 (24... Nc6 $44 {:Malaniuk}) 25. gxf3 Ne5 26. Kg2 Naxc4
27. f4 Rb2 28. Qc1 Rxd2 29. fxe5 Ne3+ 30. Kg1 Rc2 {1-0 Kupreichik,V (2535)
-Tseshkovsky,V (2595)/Vilnius 1980/URS-ch (43)}) (9. d3 d6 10. Nc3 Na5 11. Ba2
b4 12. Ne2 Rb8 13. Ng3 b3 14. cxb3 c5 15. b4 cxb4 16. d4 b3 17. Bb1 g6 18. Bd2
Nd7 19. Bc3 Bf6 20. Qd2 Nc4 21. Qe2 exd4 22. Nxd4 d5 23. Nxb3 Re8 24. Bd3 Bxc3
25. bxc3 Nd6 $44 {Psakhis,L (2545)-Geller,E (2575) /URS Cup Kislovodsk 1982/})
9... d6 10. d4 h6 11. Nbd2 exd4 12. cxd4 Nb4 13. Qe2 c5 $5 14. axb5 axb5 15.
Rxa8 Qxa8 16. dxc5 dxc5 17. Qxb5 (17. e5 Nfd5 18. Qxb5 Ba6 19. Qa4 (19. Qd7 Bc8
20. Qa4 $2 Qxa4 21. Bxa4 Nd3 22. Rd1 N5f4) 19... Nf4 20. Qd7 Qd8) 17... Ba6 (
17... Nxe4 18. Ne5 $1) 18. Qa4 Qb7 $1 19. Ne5 $1 (19. Bc4 Bxc4 20. Nxc4 Nd3 21.
Rd1 Qxe4) 19... Bb5 20. Qa1 c4 $1 (20... Nd3 21. Nxd3 Bxd3 22. Qa2 $1) 21.
Ndxc4 Bxc4 22. Bxc4 Nc2 23. Bxf7+ Kh7 (23... Rxf7 $2 24. Qa2 Nxe1 25. Qxf7+ Kh7
26. Bxh6 $1 $18) (23... Kh8 $2 24. Qa5 $1 Bb4 {(?) >= 24..NxRe1)} 25. Ng6+) 24.
Bg6+ Kh8 25. Qa2 Nxe1 26. Bf5 g5 27. Ng6+ Kg7 28. Nxf8 Kxf8 $1 (28... Bxf8 $2
29. Qc4 {[%cal Gc1d2]} Qb4 30. Qc7+) 29. Qc4 Qb4 30. Qc8+ $2 (30. Qe2 Nc2) (30.
Qxb4 $142 Bxb4 31. e5 Nd5 32. Kf1 Nf4) 30... Kg7 31. e5 $2 (31. Qc3) 31... Ne4
$1 32. g3 (32. Qa6 $1 {[%cal Ga6g6] :Laios}) 32... Nd3 33. Kg2 Qe1 34. Qc2
Ndxf2 35. Bxe4 Nxe4 36. Kf3 Bc5 $1 37. Qa4 (37. Qxe4 $4 Qh1+) 37... Qh1+ 38.
Ke2 (38. Kg4 Nf2+ 39. Kf5 Qf3+ 40. Ke6 Qf7#) 38... Qxh2+ 39. Kd1 Nf2+ 40. Kc2
Ng4+ 41. Bd2 Nxe5 42. Qe4 Nf7 0-1

[Event "Baku FIDE GP"]
[Site "Baku"]
[Date "2014.10.08"]
[Round "6"]
[White "Dominguez Perez, Leinier"]
[Black "Mamedyarov, Shakhriyar"]
[Result "1/2-1/2"]
[WhiteElo "2751"]
[BlackElo "2764"]
[Annotator "Marin,M"]
[PlyCount "76"]
[EventDate "2014.10.02"]
[EventType "tourn"]
[EventRounds "11"]
[EventCountry "AZE"]
[EventCategory "21"]
[SourceTitle "CBM 163"]
[Source "ChessBase"]
[SourceDate "2014.11.11"]
[SourceVersion "1"]
[SourceVersionDate "2014.11.11"]
[SourceQuality "1"]

1. e4 e5 2. Nf3 Nc6 3. Bb5 a6 4. Ba4 Nf6 5. O-O Be7 6. Re1 b5 7. Bb3 d6 8. a4
$5 {Dominguez does not seem prepared for Mamedyarov's original way of treating
the Breyer system.} Bd7 9. c3 O-O 10. d4 Bg4 $5 {This relatively rare move
transposes to some sort of Yates system with an extra tempo for White (a2-a4).
But Black can hope that the weakness of the b4-square (after the possible ...
exd4) would favour him.} (10... h6 {is the most popular move.}) 11. Na3 $146 {
Just as in the Yates variation, White's main choices are 11.d5 and 11.Be3.} ({
If} 11. d5 Na5 12. Bc2 c6 13. h3 {the extra tempo a2-a4 would be useful both
after 13...Bxf3 and 13...Bc8, which are the typical reactions in the Yates
variation proper. But maybe Black could make use of the weakness of the
b3-square with} Bd7 $5 14. Nxe5 {(Otherwise he would be just fine)} dxe5 15. d6
Be6 16. dxe7 Qxe7 17. Nd2 Rfd8 {[%csl Gb3,Gc4]}) (11. Be3 {is a very sound
move, too, but here it is by far harder to analyse with just half a dozen
games available, since Black has many typical answers at his disposal.}) 11...
exd4 12. cxd4 d5 13. e5 Ne4 14. Nc2 Na5 15. Ba2 c6 {Black has a normal game,
with chances for counterplay.} 16. Ne3 Bh5 17. Nf5 Bb4 18. Re2 Nc4 (18... Bg4
19. Ng3 Bxf3 20. gxf3 Ng5 21. Kg2 f5 22. f4 Ne6 $15) 19. Ng3 Nxg3 20. hxg3 f6
21. b3 Nb6 22. Bb1 bxa4 23. bxa4 Nc4 24. Qd3 Bg6 25. Qb3 Bxb1 26. Qxb4 Bd3 27.
Re1 Qa5 28. Qb3 fxe5 29. Ba3 Nxa3 30. Qxd3 e4 31. Qxa3 exf3 32. gxf3 Rae8 33.
Re3 h6 34. Qc3 Qxc3 35. Rxc3 Rb8 36. Rxc6 Rxf3 37. Ra2 Rf6 38. Rxf6 gxf6
1/2-1/2

[Event "Candidates final"]
[Site "Elista"]
[Date "2007.06.12"]
[Round "2.6"]
[White "Shirov, Alexei"]
[Black "Aronian, Levon"]
[Result "1/2-1/2"]
[WhiteElo "2699"]
[BlackElo "2759"]
[Annotator "Marin,M"]
[PlyCount "53"]
[EventDate "2007.06.06"]
[EventType "k.o."]
[EventRounds "6"]
[EventCountry "RUS"]
[SourceTitle "CBM 119"]
[Source "ChessBase"]
[SourceDate "2007.08.01"]
[SourceVersion "1"]
[SourceVersionDate "2007.08.01"]
[SourceQuality "1"]

1. e4 e5 2. Nf3 Nc6 3. Bb5 a6 4. Ba4 Nf6 5. O-O Be7 6. Re1 b5 7. Bb3 O-O 8. d3
{In the semifinals, Shirov managed to equalize the score in the very last game.
Now, he finds himself in a similar situation. The most difficult thing is to
choose the "best" opening. "Should I jump over my opponent, or leave him
commit suicide because of the high nervous tension?" Maybe Aronian also drew
some conlcusions after his semifinal match, in which he allowed Carlsen to
equalize in the 5th game, the last where Aronian had Black.} d6 9. c3 Na5 10.
Bc2 c5 11. Nbd2 Nc6 {Given the fact that White has committed himself to d3
rather soon, Black can refrain from the generally unfavourable ...Bb7.} 12. Nf1
Re8 13. a3 {From the numerous moves played here (13.Ng3, 13.Ne3, 13.a4, 13.h3),
this is the least popular. Shirov might have counted on the effect of surprise,
but the further course of the game will prove that the first to be surprised
will be himself.} h6 {A useful move before retreating with the bishop to f8.} (
13... Bf8 14. Bg5 h6 15. Bh4 Be7 {Black hopes to compensate the loss of two
tempi by the possibility of exchanging the dark-squared bishops. However,
given so much time, White should be able to maintain some advantage in the
centre.} (15... g5 $6 {[%csl Yf5,Yh5]} 16. Bg3 Nh5 $2 {The last two moves are
difficult to understand, given the level of the player with the black pieces.}
17. Nxe5 dxe5 18. Qxh5 Be6 19. Ne3 f6 20. Ng4 {1-0 Adams,M (2640)-Huebner,R 
(2605)/Garmisch Partenkirchen 1994/CBM 043 ext}) 16. Ne3 Ng4 17. Bxe7 Nxe7 18.
d4 Nxe3 19. Rxe3 Ng6 20. dxc5 $5 dxc5 21. Qd5 {An interesting way of
maintaining the initiative.} Qxd5 22. exd5 Nf4 23. Rxe5 Bb7 24. Rae1 (24. Rd1
$1 Rxe5 25. Nxe5 Bxd5 26. g3 Nh3+ 27. Kf1 Be6 28. Rd6 $14) 24... Rxe5 25. Nxe5
Bxd5 {1/2-1/2 Lutikov,A-Krogius,N/Kiev 1964/URS-ch}) 14. b4 $5 {"Almost" a
novelty.} ({The other games between strong players went} 14. Ne3 Bf8 (14... Be6
15. h3 Bf8 16. Bd2 g6 17. b4 Bg7 18. Bb3 c4 $1 $13 {Bologan,V (2540)-Lalic,B 
(2590)/Linz 1995/Inf 64 (1/2-1/2, 27)}) 15. Bb3 Be6 (15... Rb8 16. h3 Be6 17.
Bxe6 Rxe6 18. Nd5 Re8 19. Nxf6+ Qxf6 20. Nh2 Qe6 21. Ng4 {White has some hopes
to get an initiative on light squares, but Black's advantage of space and
excellent development should keep troubles away from him.} d5 $6 {Just
careless.} 22. exd5 Qxd5 23. Bxh6 $1 {Black has lost a pawn, but the weakness
of the d3-pawn offers him chances to get the material balance even in the near
future.} c4 $2 {and now, in Adams,M (2660)-Van der Sterren,P (2545)/Germany
1995/GER-chT (1-0, 41), White missed a forced (and not too complicated) win
with} 24. Nf6+ $1 gxf6 25. Qg4+ Kh8 26. Bxf8 Rxf8 27. Qh4+ Kg7 28. Qg3+ Kh7 29.
Re4 $18) 16. Nd5 g6 17. h3 Bg7 18. Nh2 Kh7 19. Ba2 Rc8 20. Qf3 Rf8 21. Nf1 Nd7
22. Ng3 Nb6 23. h4 Rb8 24. h5 Qh4 25. b4 $14 {Bologan,V (2585)-David,A (2400)/
Dijon 1994/EXT 2004 (1/2-1/2, 34). White has obtained a maximum of activity on
both wings. However, Black's position remains very solid.}) 14... Be6 $146 (
14... Bf8 15. d4 $6 (15. Ng3) (15. Ne3) 15... cxd4 16. cxd4 Bg4 $15 {Kokkila,
T-Viljava,T (2235)/Finland 1991/EXT 2000 (1-0, 33)}) 15. Ng3 d5 16. exd5 Qxd5 {
The outcome of the opening does not look too encouraging for Shirov. For the
first time in this match when playing with White, he has not managed to put
any kind of pressure on his opponent. It would be interesting to know which
move he did not take into account (or just underestimate) in his home
preparation.} 17. Be3 Rac8 18. Nd2 Nb8 19. Nge4 Nbd7 20. Bb3 $5 Qxd3 $1 {
A brave decision. Aronian correctly estimates that White will not be able to
maintain the blockade on e4, which will make the weakness of the double pawns
less relevant.} 21. Bxe6 fxe6 22. Qf3 cxb4 23. axb4 Nxe4 24. Nxe4 Nf6 25. Nxf6+
Bxf6 26. Rxa6 Qxc3 27. Rb1 {White has no advantage at all. In fact, Black has
an active position. However Shirov's decision to offer a draw looks slightly
premature. With so many mighty pieces on board, things can still happen,
especially under the psychological pressure.} 1/2-1/2

[Event "ASEAN GM 2nd"]
[Site "Bangkok"]
[Date "2004.07.24"]
[Round "4"]
[White "Nay, Oo Kyaw Tun"]
[Black "Aung, Aung"]
[Result "1-0"]
[WhiteElo "2504"]
[BlackElo "2498"]
[Annotator "Marin,M"]
[PlyCount "77"]
[EventDate "2004.07.22"]
[EventType "tourn"]
[EventRounds "10"]
[EventCountry "THA"]
[EventCategory "12"]
[SourceTitle "CBM 103"]
[Source "ChessBase"]
[SourceDate "2004.11.11"]
[SourceVersion "1"]
[SourceVersionDate "2004.11.11"]
[SourceQuality "1"]

1. e4 e5 2. Nf3 Nc6 3. Bb5 a6 4. Ba4 Nf6 5. O-O Be7 6. Re1 b5 7. Bb3 d6 8. a4
Na5 9. axb5 Nxb3 10. cxb3 Bb7 11. bxa6 Bxa6 12. d4 O-O 13. Nc3 Bb7 14. Ra4 exd4
15. Nxd4 Rxa4 16. bxa4 d5 17. e5 Ne4 18. Nxe4 dxe4 19. Nf5 g6 20. Qb3 gxf5 21.
Bh6 Bg5 22. Qg3 f4 23. Qg4 f5 24. Qxg5+ Qxg5 25. Bxg5 Bd5 26. Rd1 c6 27. b4 Ra8
28. a5 f3 29. gxf3 exf3 30. Rd4 Kf7 31. Rh4 Rg8 32. Rxh7+ Kg6 33. Rh3 Kxg5 34.
Rg3+ Kh6 35. Rxg8 Bxg8 36. a6 {Black's extra-bishop is hopeless against the
white pawns. In order to catch the a-pawn he has to sacrifice his c-pawn. Der
Läufer von ist gegen die weißen Bauern hoffnungslos unterlegen. Um den
a-Bauern aufzuhalten, muss er den c-Bauern opfern.} c5 37. bxc5 Bd5 38. a7 Kg6
39. h4 {and in view of the white king's marching in Black resigned. und
angesichts des weißen Königsmarsches gab Schwarz auf.} (39. h4 f4 (39... Kf7
40. h5 $18 {For the kingside fight the bishop is completely useless. The king
cannot stop the two pawns whose quadrat (e5-e8-h8-h5) touches the last rank.
Für den Kampf am Königsflügel ist der Läufer vollkommen nutzlos. Der König
kann die zwei Bauern nicht aufhalten, deren Quadrat (e5-e8-h8-h5) die
Grundreihe berührt.}) 40. Kf1 Kf5 41. Ke1 Kxe5 42. Kd2 Kf5 {This counterplay
fails to 2 tempi but otherwise White would force the enemy king abandon the
queen side by advancing the h-pawn. Dieses Gegenspiel kommt 2 Tempi zu spät,
aber andernfals würde Weiß den feindlichen König zwingen, den Damenflügel zu
verlassen, indem er den h-Bauern vorrückt.} 43. Kc3 Kg4 44. Kd4 Ba8 45. Ke5
Kxh4 46. Kd6 Kh3 47. c6 Bxc6 48. Kxc6 Kg2 49. a8=Q $18) 1-0